Identify the Games with missing letter - Statistics

General Stats
  • This quiz has been taken 15 times
  • The average score is 7 of 10
Answer Stats
Hint Answer % Correct
Foot____ ball
100%
Cri___t cke
93%
voll__ ba__ ey ll
93%
Hoc___ key
93%
Te__i_ nn s
86%
Che__ ss
86%
Shutt__ Co__ le ck
79%
P_l_ o o
57%
Horse ______ riding
50%
Ca___m ro
0%
No matching quizzes found
Score Distribution
Percent of People with Each Score
Percentile by Number Answered
Your Score History
You have not taken this quiz